000 00561cam a22002291 4500
001 sa 68009749
003 DLC
005 20260227112546.0
008 950308s1966 ii 000 0 tamo
010 _asa 68009749
025 _aPL480:I-T-2070
035 _a(OCoLC)32110938
040 _aDLC
_cCU
_dCU
_dDLC
042 _apremarc
050 0 0 _aPL4751
_b.K27
100 1 _aKaṇapatippiḷḷai, Ten̲pulōliyūr M.
245 1 0 _aAn̲n̲ai tayai.
260 _c[1966]
300 _a112 p.
_c18 cm.
500 _aIn Tamil.
650 0 _aTamil philology.
999 _c83113
_d83113